Cua biển : Kỹ thuật sinh sản và các hình thức nuôi có hiệu quả kinh tế cao
Sách trình bày đặc điểm sinh học và sinh thái cua biển, kỹ thuật nuôi và sản xuất cua giống, một số bệnh thường gặp ở cua biển và các biện pháp phòng chữa trị.
Zapisane w:
| 1. autor: | |
|---|---|
| Format: | Książka |
| Język: | Undetermined |
| Wydane: |
Thành phố Hồ Chí Minh
Nông nghiệp
2010
|
| Hasła przedmiotowe: | |
| Etykiety: |
Dodaj etykietę
Nie ma etykietki, Dołącz pierwszą etykiete!
|
| Thư viện lưu trữ: | Trung tâm Học liệu Trường Đại học Cần Thơ |
|---|
| LEADER | 00907nam a2200217Ia 4500 | ||
|---|---|---|---|
| 001 | CTU_158838 | ||
| 008 | 210402s9999 xx 000 0 und d | ||
| 020 | |c 24000 | ||
| 082 | |a 639.66 | ||
| 082 | |b Ch513 | ||
| 100 | |a Nguyễn, Chung | ||
| 245 | 0 | |a Cua biển : | |
| 245 | 0 | |b Kỹ thuật sinh sản và các hình thức nuôi có hiệu quả kinh tế cao | |
| 245 | 0 | |c Nguyễn Chung | |
| 260 | |a Thành phố Hồ Chí Minh | ||
| 260 | |b Nông nghiệp | ||
| 260 | |c 2010 | ||
| 520 | |a Sách trình bày đặc điểm sinh học và sinh thái cua biển, kỹ thuật nuôi và sản xuất cua giống, một số bệnh thường gặp ở cua biển và các biện pháp phòng chữa trị. | ||
| 650 | |a Crab culture,Nuôi cua | ||
| 904 | |i Trọng Hải | ||
| 980 | |a Trung tâm Học liệu Trường Đại học Cần Thơ | ||